LEADER 04132nam 22006615 450 001 9910299794803321 005 20230810193023.0 010 $a9783319719528 010 $a3319719521 024 7 $a10.1007/978-3-319-71952-8 035 $a(CKB)4100000002892166 035 $a(MiAaPQ)EBC5342049 035 $a(DE-He213)978-3-319-71952-8 035 $a(Perlego)3493815 035 $a(EXLCZ)994100000002892166 100 $a20180327d2018 u| 0 101 0 $aeng 135 $aurcnu|||||||| 181 $ctxt$2rdacontent 182 $cc$2rdamedia 183 $acr$2rdacarrier 200 10$aElizabeth I in Writing $eLanguage, Power and Representation in Early Modern England /$fedited by Donatella Montini, Iolanda Plescia 205 $a1st ed. 2018. 210 1$aCham :$cSpringer International Publishing :$cImprint: Palgrave Macmillan,$d2018. 215 $a1 online resource 225 1 $aQueenship and Power,$x2730-9398 311 08$a9783319719511 311 08$a3319719513 327 $a1. Introduction -- I. Elizabeth as Author -- 2. The Young Princess Elizabeth, Neo-Latin and the Power of the Written Word -- 3. Ethics from the Classroom: Elizabeth I's translation of Cicero's Pro Marcello -- 4. Styling Power: A corpus-linguistic approach to the correspondence of Queen Elizabeth I -- 5. "Beholde me thy handmaid": The pragmatics and politics of Queen Elizabeth's prayers -- 6. Elizabeth I as Poet: Some notes on "Monsierur's departure" and John Dowland's "Now O now I needs must part" -- II. Elizabeth Authored -- 7. A Critical Edition and Discussion of SP 70/2 f.94: A letter and two sonnets by Celio Magno to Queen Elizabeth I -- 8. "La Comediante Politica": On Gregorio Leti's 1693 Life of Queen Elizabeth I -- 9. Multilingualism at the Tudor Court: Henry, Elizabeth and the love letter genre -- III. The Gift of Language, the Language of the Gift -- 10. What Elizabeth Knew. Language as Mirror and Gift -- 11. Queen Elizabeth and the Power and Language of the Gift. 330 $aThis collection investigates Queen Elizabeth I as an accomplished writer in her own right as well as the subject of authors who celebrated her. With innovative essays from Brenda M. Hosington, Carole Levin, and other established and emerging experts, it reappraises Elizabeth's translations, letters, poems and prayers through a diverse range of approaches to textuality, from linguistic and philological to literary and cultural-historical. The book also considers Elizabeth as "authored," studying how she is reflected in the writing of her contemporaries and reconstructing a wider web of relations between the public and private use of language in early modern culture. Contributions from Carlo M. Bajetta, Guillaume Coatelen and Giovanni Iamartino bring the Queen's presence in early modern Italian literary culture to the fore. Together, these essays illuminate the Queen in writing, from the multifaceted linguistic and rhetorical strategies that she employed, to the texts inspired by her power and charisma. 410 0$aQueenship and Power,$x2730-9398 606 $aGreat Britain$xHistory 606 $aEurope$xHistory$x1492- 606 $aLiterature$xHistory and criticism 606 $aSex 606 $aWorld politics 606 $aHistory of Britain and Ireland 606 $aHistory of Early Modern Europe 606 $aLiterary History 606 $aGender Studies 606 $aPolitical History 615 0$aGreat Britain$xHistory. 615 0$aEurope$xHistory$x1492-. 615 0$aLiterature$xHistory and criticism. 615 0$aSex. 615 0$aWorld politics. 615 14$aHistory of Britain and Ireland. 615 24$aHistory of Early Modern Europe. 615 24$aLiterary History. 615 24$aGender Studies. 615 24$aPolitical History. 676 $a820.9351 702 $aMontini$b Donatella$4edt$4http://id.loc.gov/vocabulary/relators/edt 702 $aPlescia$b Iolanda$4edt$4http://id.loc.gov/vocabulary/relators/edt 906 $aBOOK 912 $a9910299794803321 996 $aElizabeth I in Writing$92501118 997 $aUNINA LEADER 04493nam 22005775 450 001 9910437623703321 005 20250718151954.0 010 $a1-4614-4711-9 024 7 $a10.1007/978-1-4614-4711-5 035 $a(CKB)2550000001198372 035 $a(EBL)1081851 035 $a(SSID)ssj0001111444 035 $a(PQKBManifestationID)11642072 035 $a(PQKBTitleCode)TC0001111444 035 $a(PQKBWorkID)11156364 035 $a(PQKB)11547978 035 $a(DE-He213)978-1-4614-4711-5 035 $a(MiAaPQ)EBC1081851 035 $a(PPN)186030215 035 $a(MiAaPQ)EBC4975915 035 $a(EXLCZ)992550000001198372 100 $a20150519d2013 u| 0 101 0 $aeng 135 $aur|n|---||||| 181 $ctxt 182 $cc 183 $acr 200 10$aBiology and Regulation of Blood?Tissue Barriers /$fedited by C. Yan Cheng 205 $a1st ed. 2013. 210 1$aNew York, NY :$cSpringer New York :$cImprint: Springer,$d2013. 215 $a1 online resource (380 p.) 225 1 $aAdvances in Experimental Medicine and Biology,$x2214-8019 ;$v763 300 $aDescription based upon print version of record. 311 08$a1-4614-4710-0 320 $aIncludes bibliographical references at the end of each chapters and index. 327 $aRegulation of Permeability Across the Blood?Brain Barrier -- Drug Transporters at Brain Barriers: Expression and Regulation by Neurological Disorders -- The Blood?Retina Barrier: Tight Junctions and Barrier Modulation -- The Inner Blood?Retinal Barrier: Molecular Structure and Transport Biology -- Endothelial and Epithelial Barriers in Graft?Versus?Host Disease -- Structure and Regulation of Intestinal Epithelial Tight Junctions: Current Concepts and Unanswered Questions -- Polarity Protein Complex Scribble/Lgl/Dlg and Epithelial Cell Barriers -- The Blood?Biliary Barrier, Tight Junctions and Human Liver Diseases -- The Blood?Follicle Barrier (Bfb) in Disease and in Ovarian Function -- Physiology and Pathophysiology of the Epithelial Barrier of the Female Reproductive Tract: Role of Ion Channels -- The Blood?Epididymis Barrier and Human Male Fertility -- Blood?Tissue Barriers: Morphofunctional and Immunological Aspects of the Blood?Testis and Blood?Epididymal Barriers -- Gap Junctions and Blood?Tissue Barriers -- Transcriptional Regulation of Cell Adhesion at the Blood?Testis Barrier and Spermatogenesis in the Testis -- c?Src and c?Yes are Two Unlikely Partners of Spermatogenesis and Their Roles in Blood?Testis Barrier Dynamics -- Role of P?Glycoprotein at the Blood?Testis Barrier on Adjudin Distribution in the Testis: a Revisit of Recent Data -- The Apical Ectoplasmic Specialization?Blood?Testis Barrier FunctionalAxis is a Novel Target for Male Contraception. 330 $aThis book was written by many outstanding investigators who have spent decades to study different aspects of blood?tissue barrier function. They have summarized some of the latest and fascinating development in their fields of research including the blood?brain barrier, the blood?retinal barrier, the gut barrier, the blood?biliary barrier, the blood?follicle barrier, the blood?epididymis barrier, the blood?testis barrier, the tight junction barrier in general as well as barriers in the female reproductive tract. Included are also chapters that focus on topics that are physiologically applicable to all blood?tissue barriers. Many of these chapters also include information on specific human diseases, such as pathological changes of the gut barrier that cause bowel disorders resulting from inflammation of the epithelial lining in the intestine, and infertility in men as a result of disruption of the blood?epididymal and/or blood?testis barriers; and on new therapeutic approaches (e.g., drug delivery across the blood?brain and the blood?retinal barriers). 410 0$aAdvances in Experimental Medicine and Biology,$x2214-8019 ;$v763 606 $aMedicine$xResearch 606 $aBiology$xResearch 606 $aBiomedical Research 615 0$aMedicine$xResearch. 615 0$aBiology$xResearch. 615 14$aBiomedical Research. 676 $a362.17 676 $a362.1783 702 $aCheng$b C. Yan$4edt$4http://id.loc.gov/vocabulary/relators/edt 906 $aBOOK 912 $a9910437623703321 996 $aBiology and Regulation of Blood?Tissue Barriers$92517777 997 $aUNINA